Personas por Signo Zodiacal: Sagitario - Estadísticas

Estadísticas generales
  • Esta prueba ha sido intentada 42 veces
  • La puntuación promedio es 12 de 16
Estadísticas de respuestas
Imagen Hint Respuesta % Correcto
Presidente Nicolás Maduro
95%
Cantante Taylor Swift
95%
Actor Brad Pitt
92%
Dictador Francisco Franco
90%
Futbolista Kylian Mbappé
87%
Cantante Sia
87%
Compositor Ludwig Van Beethoven
85%
Cantante Britney Spears
77%
Cantante Miley Cyrus
77%
Cantante Billie Eilish
69%
Actriz Scarlett Johansson
67%
Cantante Julieta Venegas
56%
Rapera Nicki Minaj
56%
Animador Walt Disney
56%
Cantante Tina Turner
49%
Dictador Augusto Pinochet
44%
No se encontraron pruebas coincidentes
Distribución de puntuación
Porcentaje de gente con cada puntuación
Porcentaje por número respondido
Historial de tus puntuaciones
No has intentado esta prueba.